Catholic University of Zimbabwe Library
Online Public Access Catalogue
(OPAC)

Christian Education at the Mutapa Court : (Record no. 2864)

MARC details
000 -LEADER
fixed length control field 00793cam a22002172 4500
001 - CONTROL NUMBER
control field 0000002983
005 - DATE AND TIME OF LATEST TRANSACTION
control field 20170406114646.0
008 - FIXED-LENGTH DATA ELEMENTS--GENERAL INFORMATION
fixed length control field 140429s xx 000 0 eng d
020 ## - INTERNATIONAL STANDARD BOOK NUMBER
International Standard Book Number 0949932698 :
Terms of availability $
040 ## - CATALOGING SOURCE
Original cataloging agency Your Holding Symbol
Transcribing agency Your Holding Symbol
100 1# - MAIN ENTRY--PERSONAL NAME
Personal name Mudenge S.I.G.
245 10 - TITLE STATEMENT
Title Christian Education at the Mutapa Court :
Remainder of title a portuguese strategy to Influence events in the empire of munhumutapa /
Statement of responsibility, etc. S.I.G Mudenge.
250 ## - EDITION STATEMENT
Edition statement ed.
260 ## - PUBLICATION, DISTRIBUTION, ETC.
Place of publication, distribution, etc. Harare :
Name of publisher, distributor, etc. Zimbabwe Publising House (Pvt) Ltd,
Date of publication, distribution, etc. 1986.
300 ## - PHYSICAL DESCRIPTION
Extent 31 p. :
Other physical details ill ;
Dimensions cm.
504 ## - BIBLIOGRAPHY, ETC. NOTE
Bibliography, etc. note Includes References.
591 ## -
-- 24 April 2014
-- Purchased
-- African Publishing Group
650 #0 - SUBJECT ADDED ENTRY--TOPICAL TERM
Topical term or geographic name entry element History
General subdivision Mutapa Court.
908 ## - PUT COMMAND PARAMETER (RLIN)
Put command parameter 140429
Holdings
Withdrawn status Lost status Damaged status Not for loan Home library Current library Shelving location Date acquired Total Checkouts Full call number Barcode Date last seen Price effective from Koha item type
        CUZ Harare Campus CUZ Harare Campus Open Shelf 06.04.2017   BL 80.2 BRO BK0003424 22.05.2025 06.04.2017 OS Book
        CUZ Harare Campus CUZ Harare Campus Open Shelf 06.04.2017   BL 80.2 BRO BK0006113 22.05.2025 06.04.2017 OS Book

OPENING HOURS

Weekdays: 0815hrs - 1800hrs
Weekends:0900hrs - 1200hrs

Closed for Mass:

Mon, Thur: 1200hrs - 1300hrs
Sunday & Public Holiday’s

CALL SUPPORT

0242-570570, 0242-570169
09200664, +263 8644140602

LOCATION

18443, Cranborne Avenue, Hatfield, Harare

Other Links


©2021 | CUZ Library